| 000 | 00902nam a2200229 a 4500 | ||
|---|---|---|---|
| 001 | 39199 | ||
| 003 | BD-RjUL | ||
| 005 | 20211209052935.0 | ||
| 008 | 160405s2015 bg ||||e |||| 00| 0 ben d | ||
| 020 |
_a9847000002617 : _cTK 380.00 |
||
| 035 | _a(BD-RjUL) | ||
| 040 |
_aBD-RjUL _bben _cBD-RjUL |
||
| 041 | _aben | ||
| 082 |
_223 _a954.14 _bMUS 2015 |
||
| 100 |
_aমুজতাহিদ, আহমদ _9120895 |
||
| 245 | 1 | 0 |
_aসাতচল্লিশোত্তর ভারত ও বাংলার রাজনীতি / _c আহমদ মুজতাহিদ | |
| 260 |
_aঢাকা : _bজাতীয় সাহিত্য প্রকাশ, _c২০১৫ |
||
| 300 |
_a[৮], ২৪০ পৃ, _c২১ সেমি. |
||
| 650 |
_aবাংলা(ভারত) _zদক্ষিণ এশিয়া _9120896 |
||
| 650 |
_aBengali(india) _zSouth Asia _9120897 |
||
| 942 |
_2ddc _cBK |
||
| 999 |
_c39199 _d39199 |
||